Countries with 0 borders - Statistics

General Stats
  • This quiz has been taken 28 times
    15 since last reset
  • The average score is 33 of 40
Answers on the Map
Answers color-coded by a green-red scale on the quiz's map according to % correct below.
 
Answer Stats
Answer % Correct
new zealand
100%
Australia
92%
cyprus
92%
iceland
92%
Japan
92%
madagascar
92%
antigua and barbuda
85%
barbados
85%
cuba
85%
Fiji
85%
grenada
85%
jamaica
85%
maldives
85%
malta
85%
mauritius
85%
Micronesia
85%
Philippines
85%
Samoa
85%
seychelles
85%
sri lanka
85%
Tonga
85%
Tuvalu
85%
Bahamas
77%
cape verde
77%
comoros
77%
dominica
77%
Kiribati
77%
Marshall Islands
77%
Nauru
77%
Palau
77%
São Tomé and Príncipe
77%
Singapore
77%
st. kitts
77%
St lucia
77%
st. vincent
77%
Taiwan
77%
Vanuatu
77%
Solomon Islands
69%
trinidad and tobago
69%
Bahrain
62%
No matching quizzes found
Score Distribution
Percent of People with Each Score
Percentile by Number Answered
Your Score History
You have not taken this quiz since the last reset